Cuentos chilenos de terror, misterio y fantasía.

Furkejuvvon:
Bibliográfalaš dieđut
Váldodahkki: Heiremans, Carolina (editora)
Eará dahkkit: Barros, Verónica (editora), Diamontino, Jesús (Doaimmaheaddji)
Materiálatiipa: Girji
Giella:espánnjágiella
Almmustuhtton: Santiago, Chile: Cuarto propio, 2015.
Preanttus:1a. Edición.
Ráidu:Antología Narrativa. Centro de Escritura y Oratoria. Facultad de Artes Literales. Universidad Adolfo Ibáñez.
Fáttát:
Fáddágilkorat: Lasit fáddágilkoriid
Eai fáddágilkorat, Lasit vuosttaš fáddágilkora!

MARC

LEADER 00000nam a22000007a 4500
003 CL-VaPUC
005 20250321101916.0
008 250113t2015 ||||| |||| 00| 0 spa d
999 |c 446444  |d 446442 
020 |a 978-956-260-723-0 
040 |c Pontificia Universidad Católica de Valparaíso 
082 |2 22  |a Ch863 HEI 2015 
100 |9 895245  |a Heiremans, Carolina  |e editora 
245 |a Cuentos chilenos de terror, misterio y fantasía. 
250 |a 1a. Edición. 
260 |a Santiago, Chile:  |b Cuarto propio,  |c 2015. 
300 |a 296 páginas. 
490 |a Antología Narrativa.  |a Centro de Escritura y Oratoria. Facultad de Artes Literales. Universidad Adolfo Ibáñez. 
500 |a c.1: Instituto Arcos. 08-01-2025 
583 |c 20250113  |k Yessy Sthefany Diaz Vidal 
650 0 |9 308278  |a Literatura chilena   |x Cuentos fantásticos  |v Compilación 
650 0 |a Cuentos chilenos  |x Misterio, sobrenatural, etc.  |y Siglos 18-20  |9 895249 
700 |9 895246  |a Barros, Verónica  |e editora 
700 |9 895247  |a Diamontino, Jesús  |e editor 
942 |2 ddc  |c BK  |n 0 
952 |0 0  |1 0  |2 ddc  |4 0  |6 CH_863_000000000000000_HEI_2015  |7 0  |8 A  |9 599151  |a BIBINC  |b BIBINC  |d 2025-01-13  |e Instituto Arcos  |i 5663997  |l 1  |m 1  |o Ch863 HEI 2015  |p 5663997  |r 2025-04-02  |s 2025-03-19  |t 1  |w 2025-01-13  |y BK  |k IFP